Employment outlook in banking occupations; (Record no. 36845)
[ view plain ]
| 000 -LEADER | |
|---|---|
| fixed length control field | 01177cam a22002651 4500 |
| 001 - CONTROL NUMBER | |
| control field | l 54000113 |
| 003 - CONTROL NUMBER IDENTIFIER | |
| control field | DLC |
| 005 - DATE AND TIME OF LATEST TRANSACTION | |
| control field | 20260227111543.0 |
| 008 - FIXED-LENGTH DATA ELEMENTS--GENERAL INFORMATION | |
| fixed length control field | 800519s1954 dcuab f000 0 eng c |
| 010 ## - LIBRARY OF CONGRESS CONTROL NUMBER | |
| LC control number | l 54000113 |
| 035 ## - SYSTEM CONTROL NUMBER | |
| System control number | (OCoLC)6334269 |
| 040 ## - CATALOGING SOURCE | |
| Original cataloging agency | U.S. Dept. of Labor Library |
| Transcribing agency | NNU |
| Modifying agency | OCoLC |
| -- | DLC |
| 042 ## - AUTHENTICATION CODE | |
| Authentication code | premarc |
| 050 00 - LIBRARY OF CONGRESS CALL NUMBER | |
| Classification number | HD8051 |
| Item number | .A62 no. 1156 |
| 100 1# - MAIN ENTRY--PERSONAL NAME | |
| Personal name | Eber, Manuel, |
| Dates associated with a name | 1918- |
| 245 10 - TITLE STATEMENT | |
| Title | Employment outlook in banking occupations; |
| Remainder of title | banking functions, training and qualifications, earnings and working conditions, employment trends and outlook. |
| Statement of responsibility, etc. | [Prepared] in cooperation with Veterans Administration. |
| 260 ## - PUBLICATION, DISTRIBUTION, ETC. | |
| Place of publication, distribution, etc. | Washington, |
| Name of publisher, distributor, etc. | U.S. Govt. Print. Off. |
| Date of publication, distribution, etc. | [1954] |
| 300 ## - PHYSICAL DESCRIPTION | |
| Extent | v, 42 p. |
| Other physical details | illus., map. |
| Dimensions | 26 cm. |
| 490 1# - SERIES STATEMENT | |
| Series statement | U.S. Bureau of Labor Statistics. Bulletin no. 1156. Occupational outlook series |
| 500 ## - GENERAL NOTE | |
| General note | "Originally published as a Veterans Administration pamphlet." |
| 650 #0 - SUBJECT ADDED ENTRY--TOPICAL TERM | |
| Topical term or geographic name entry element | Banks and banking |
| Geographic subdivision | United States. |
| 650 #0 - SUBJECT ADDED ENTRY--TOPICAL TERM | |
| Topical term or geographic name entry element | Bank employees |
| Geographic subdivision | United States. |
| 810 1# - SERIES ADDED ENTRY--CORPORATE NAME | |
| Corporate name or jurisdiction name as entry element | United States. |
| Subordinate unit | Bureau of Labor Statistics. |
| Title of a work | Bulletin ; |
| Volume/sequential designation | no. 1156. |
| 810 1# - SERIES ADDED ENTRY--CORPORATE NAME | |
| Corporate name or jurisdiction name as entry element | United States. |
| Subordinate unit | Bureau of Labor Statistics. |
| Title of a work | Occupational outlook series |
No items available.